| 000 | 00903 a2200181 4500 | ||
|---|---|---|---|
| 003 | Nust | ||
| 005 | 20230705143817.0 | ||
| 040 | _cNust | ||
| 082 | _a519,ALG | ||
| 100 |
_aAlger, Philip Langdon, _9113382 |
||
| 245 |
_aMathematics for science & engineering / _cPhilip L. Alger. Charles Proteus Steinmetz |
||
| 260 |
_aNew York, _bMcGraw-Hill _c[1969] |
||
| 300 |
_a, 360 p. illus _b. 23 cm. |
||
| 505 | _aArithmetic (Page-1), Trigonometry (Page-35), Directed Numbers (Page-59), Algebraic Equations (Page-94), Infinite Series (Page-121), Numerical Calculations (Page-145), Empirical Curves (Page-156), Functions (Page-199), Trigonometric Series (Page-220), Maxima And Minima (Page-245), Differential Equations (Page-259), Probability (Page-292). | ||
| 600 |
_aPhilip L. Alger. Charles Proteus Steinmetz _9113383 |
||
| 650 |
_aMathematics for science & engineering _9113384 |
||
| 942 |
_2ddc _cBK _k519,ALG |
||
| 999 |
_c181204 _d181204 |
||